[Event "POL Region-ch U15"]
[Site "Szczyrk"]
[Date "2012.10.21"]
[Round "3.9"]
[White "Slezinski, Nikodem"]
[Black "Swiech, Przemyslaw"]
[Result "1-0"]
[WhiteElo "1708"]
[BlackElo "1524"]
[PlyCount "91"]
[EventDate "2012.10.14"]
[EventType "swiss"]
[EventRounds "9"]
[EventCountry "POL"]
[SourceTitle "EXT 2023"]
[Source "ChessBase"]
[SourceDate "2022.10.05"]
[SourceVersion "1"]
[SourceVersionDate "2022.10.05"]
[SourceQuality "1"]

1. e4 e6 2. d4 d5 3. e5 c5 4. Qg4 Qc7 5. Nf3 cxd4 6. Bd3 Nc6 7. Qg3 a6 8. 0-0 Nge7 9. a3 g6 10. Re1 Bg7 11. Bf4 Bd7 12. Nbd2 Rc8 13. h4 h6 14. Nb3 a5 15. Nbxd4 Nxd4 16. Nxd4 Qb6 17. Qe3 Qc7 18. Rac1 b6 19. c4 Qb7 20. cxd5 Nxd5 21. Qf3 Qb8 22. Rxc8+ Qxc8 23. Rc1 Qb8 24. Nb5 Bxe5 25. Bxe5 Qxe5 26. Qe4 Qxe4 27. Bxe4 Ke7 28. Nd4 f5 29. Bxd5 exd5 30. Rc7 Kd6 31. Rb7 b5 32. Nxb5+ Bxb5 33. Rxb5 g5 34. h5 Ke5 35. Kf1 Rd8 36. Ke2 Ke4 37. g3 f4 38. Rxa5 Rb8 39. f3+ Kd4 40. Ra4+ Ke5 41. gxf4+ gxf4 42. Rb4 Rg8 43. a4 Rg5 44. a5 Rxh5 45. a6 Rh1 46. Ra4 1-0

[Event "POL Region-ch U15"]
[Site "Szczyrk"]
[Date "2012.10.21"]
[Round "5.9"]
[White "Swiech, Przemyslaw"]
[Black "Bialucha, Sebastian"]
[Result "1/2-1/2"]
[WhiteElo "1524"]
[BlackElo "1298"]
[PlyCount "110"]
[EventDate "2012.10.14"]
[EventType "swiss"]
[EventRounds "9"]
[EventCountry "POL"]
[SourceTitle "EXT 2023"]
[Source "ChessBase"]
[SourceDate "2022.10.05"]
[SourceVersion "1"]
[SourceVersionDate "2022.10.05"]
[SourceQuality "1"]

1. b3 e5 2. Bb2 d6 3. e3 Bf5 4. Nf3 Nd7 5. c4 Ngf6 6. Be2 c6 7. h3 Bg6 8. d4 e4 9. Nh4 d5 10. Nxg6 hxg6 11. cxd5 cxd5 12. Nc3 Nb6 13. Bb5+ Nbd7 14. 0-0 Rc8 15. Rc1 a6 16. Bxd7+ Qxd7 17. Na4 b5 18. Nc5 Qa7 19. Nxe4 Rxc1 20. Nxf6+ gxf6 21. Qxc1 Qb7 22. Qc2 f5 23. Rc1 Kd7 24. f3 Bh6 25. Kf2 Re8 26. Re1 Re6 27. Qc5 Bg5 28. f4 Be7 29. Qc2 Rc6 30. Qd2 Qc7 31. Rc1 b4 32. Rxc6 Qxc6 33. g4 fxg4 34. hxg4 f6 35. Qc1 Qe6 36. Qd1 Qe4 37. Bc1 a5 38. Qe2 Bd8 39. Qb5+ Ke7 40. Qe2 Kf8 41. Bd2 Qc2 42. Be1 Qe4 43. Kg3 Kf7 44. Qf3 Qe6 45. Bf2 Kg7 46. f5 Qd6+ 47. Kg2 g5 48. e4 dxe4 49. Qxe4 Bc7 50. Kf1 Qa6+ 51. Ke1 Bd6 52. Qe6 Qc6 53. d5 Qc1+ 54. Ke2 Qc2+ 55. Kf1 Qd1+ 1/2-1/2

[Event "POL-chT 1st League"]
[Site "Poronin"]
[Date "2012.09.??"]
[Round "2"]
[White "Maciejczak, Jakub"]
[Black "Swiech, Przemyslaw"]
[Result "1-0"]
[WhiteElo "2360"]
[BlackElo "2262"]
[PlyCount "113"]
[EventDate "2012.09.01"]
[EventType "team-tourn"]
[EventRounds "9"]
[EventCountry "POL"]
[SourceTitle "EXT 2013"]
[Source "ChessBase"]
[SourceDate "2012.11.22"]
[SourceVersion "1"]
[SourceVersionDate "2012.11.22"]
[SourceQuality "1"]
[WhiteTeam "Ostrow Wielkopolski"]
[BlackTeam "Krakow TKKF Drogowiec"]
[WhiteTeamCountry "POL"]
[BlackTeamCountry "POL"]

1. e4 c5 2. Nc3 Nc6 3. g3 e6 4. Bg2 Nf6 5. Nge2 Be7 6. 0-0 0-0 7. d4 d6 8. d5 Ne5 9. Nf4 Re8 10. a4 a6 11. b3 Rb8 12. a5 b5 13. axb6 Qxb6 14. Na4 Qc7 15. dxe6 fxe6 16. Ne2 Bb7 17. f4 Nf7 18. Nac3 Rbd8 19. Qe1 e5 20. fxe5 dxe5 21. Ra4 Qb6 22. Qf2 Rf8 23. Kh1 Bc6 24. Rc4 Nd6 25. Na4 Bxa4 26. Rxa4 Ng4 27. Qg1 Rxf1 28. Bxf1 Rf8 29. h3 Nf2+ 30. Kh2 Nfxe4 31. Be3 Ng5 32. Bg2 Nf5 33. Nc3 Nd4 34. Qd1 Qg6 35. Nd5 Bd6 36. Bxg5 Qxg5 37. Rxa6 Bb8 38. c3 e4 39. Qg4 Qxg4 40. hxg4 Ne2 41. Bxe4 Rf2+ 42. Bg2 Bxg3+ 43. Kh1 Be5 44. Re6 Ng3+ 45. Kg1 Re2 46. Re8+ Kf7 47. Re7+ Kf8 48. Bf3 Re1+ 49. Kf2 Rf1+ 50. Kg2 Re1 51. Rxe5 Rxe5 52. Kxg3 g5 53. b4 cxb4 54. cxb4 Ke8 55. b5 Kd7 56. b6 Kc8 57. Nb4 1-0

[Event "POL-chT 1st League"]
[Site "Poronin"]
[Date "2012.09.??"]
[Round "3"]
[White "Swiech, Przemyslaw"]
[Black "Miroslaw, Michal"]
[Result "1/2-1/2"]
[WhiteElo "2262"]
[BlackElo "2337"]
[PlyCount "95"]
[EventDate "2012.09.01"]
[EventType "team-tourn"]
[EventRounds "9"]
[EventCountry "POL"]
[SourceTitle "EXT 2013"]
[Source "ChessBase"]
[SourceDate "2012.11.22"]
[SourceVersion "1"]
[SourceVersionDate "2012.11.22"]
[SourceQuality "1"]
[WhiteTeam "Krakow TKKF Drogowiec"]
[BlackTeam "Lublin Drakon SKOK Chmielewskiego"]
[WhiteTeamCountry "POL"]
[BlackTeamCountry "POL"]

1. d4 d5 2. c4 e6 3. Nc3 Be7 4. Nf3 Nf6 5. Bg5 0-0 6. e3 Nbd7 7. Rc1 a6 8. Be2 dxc4 9. Bxc4 c5 10. 0-0 b5 11. Bd3 cxd4 12. exd4 Bb7 13. Qe2 Bxf3 14. Qxf3 Nb6 15. Qh3 g6 16. Rfd1 Rc8 17. Qf3 Nbd5 18. a4 Nxc3 19. bxc3 Nd5 20. Bxe7 Qxe7 21. c4 bxc4 22. Bxc4 Qg5 23. Qa3 a5 24. Be2 Rxc1 25. Qxc1 Qxc1 26. Rxc1 Rb8 27. Bb5 Rd8 28. Kf1 Kg7 29. Rc5 Rd6 30. Be2 Nb6 31. Rxa5 Rxd4 32. Bb5 Rb4 33. Ra7 Nc8 34. Rd7 Nb6 35. Ra7 Nc8 36. Ra6 Ne7 37. Bd3 Nd5 38. g3 Rb2 39. Ra7 Rd2 40. Bb5 Nf6 41. Be2 Ne4 42. a5 Ra2 43. a6 Nc5 44. Bc4 Ra4 45. Bb5 Ra5 46. Bc4 Ra4 47. Be2 Ra2 48. Bc4 1/2-1/2

[Event "Krakow op-A 22nd"]
[Site "Krakow"]
[Date "2012.01.04"]
[Round "9"]
[White "Swiech, Przemyslaw"]
[Black "Borsos, Bogdan"]
[Result "0-1"]
[WhiteElo "2269"]
[BlackElo "2239"]
[PlyCount "158"]
[EventDate "2011.12.27"]
[EventType "swiss"]
[EventRounds "9"]
[EventCountry "POL"]
[SourceTitle "CBM 146 Extra"]
[Source "ChessBase"]
[SourceDate "2012.02.29"]
[SourceVersion "1"]
[SourceVersionDate "2012.02.29"]
[SourceQuality "1"]

1. d4 d6 2. c4 e5 3. Nf3 e4 4. Nfd2 f5 5. Nc3 Nf6 6. Nb3 g6 7. g3 Bg7 8. Bg2 0-0 9. Bg5 h6 10. Bxf6 Qxf6 11. Qd2 a5 12. a4 Nc6 13. e3 Qf7 14. Qe2 Nb4 15. 0-0 c6 16. f3 exf3 17. Bxf3 Be6 18. d5 cxd5 19. cxd5 Nxd5 20. Nb5 Nb4 21. Nxa5 Rxa5 22. Qd2 Rxb5 23. axb5 Nd5 24. Ra7 Be5 25. Rd1 Nf6 26. Rxb7 Qe8 27. Bc6 Qd8 28. e4 Bc8 29. Bd5+ Nxd5 30. Qxd5+ Kh8 31. Rf7 Qb6+ 32. Kg2 Rxf7 33. Qxf7 Qxb5 34. Rd2 Qc6 35. Qf8+ Kh7 36. Qf7+ Bg7 37. Qd5 Bb7 38. Qxc6 Bxc6 39. Kf2 Bxe4 40. b4 Bc3 41. Rxd6 Bxb4 42. Rd7+ Kg8 43. Ke3 Bc3 44. Rc7 Bb2 45. Rd7 Bf6 46. Rc7 Bd5 47. Kf4 Be6 48. Ra7 g5+ 49. Ke3 Kf8 50. Rb7 Bf7 51. Rb5 Bg6 52. Rb7 Bh5 53. Ra7 Bg4 54. Rb7 Kg8 55. Kf2 Bh3 56. Rd7 Bg7 57. Kf3 Kh7 58. Rd6 Bf8 59. Rc6 Kg7 60. Ke3 Be7 61. Rc7 Kf7 62. Kd4 Ke6 63. Ke3 Bg2 64. Kf2 Bd5 65. Ke3 Bd6 66. Rh7 Bf8 67. Kd4 Bf3 68. Ke3 Bh5 69. Rb7 Bc5+ 70. Kd3 Bf3 71. Rh7 h5 72. Rh6+ Kf7 73. Ra6 Bg1 74. h4 gxh4 75. gxh4 Bf2 76. Ra4 Bg4 77. Ra6 Bxh4 78. Kd4 Bf2+ 79. Kd5 h4 0-1

[Event "Krakow op-A 22nd"]
[Site "Krakow"]
[Date "2012.01.03"]
[Round "8"]
[White "Wemmers, Xander"]
[Black "Swiech, Przemyslaw"]
[Result "0-1"]
[WhiteElo "2411"]
[BlackElo "2269"]
[PlyCount "74"]
[EventDate "2011.12.27"]
[EventType "swiss"]
[EventRounds "9"]
[EventCountry "POL"]
[SourceTitle "CBM 146 Extra"]
[Source "ChessBase"]
[SourceDate "2012.02.29"]
[SourceVersion "1"]
[SourceVersionDate "2012.02.29"]
[SourceQuality "1"]

1. d4 Nf6 2. c4 c5 3. d5 e6 4. Nc3 exd5 5. cxd5 d6 6. e4 g6 7. Bd3 Bg7 8. h3 0-0 9. Bg5 a6 10. a4 Qc7 11. Nf3 Nbd7 12. 0-0 b6 13. Rc1 Bb7 14. Nd2 Rae8 15. Re1 Kh8 16. f4 Nh5 17. Qf3 f6 18. Bh4 Nxf4 19. Qxf4 g5 20. Qf1 gxh4 21. Bxa6 Bxa6 22. Qxa6 Ne5 23. Nf1 c4 24. Ne3 Bh6 25. Ncd1 f5 26. Kh1 fxe4 27. Rc2 Nd3 28. Rg1 Bxe3 29. Nxe3 Nf2+ 30. Rxf2 Rxf2 31. Qb5 Rc8 32. Rc1 Qg7 33. Rxc4 Rg8 34. Rxe4 Rxb2 35. Qf1 Ra2 36. Rxh4 Ra1 37. Nd1 Rxd1 0-1

[Event "Krakow op-A 22nd"]
[Site "Krakow"]
[Date "2012.01.02"]
[Round "7"]
[White "Swiech, Przemyslaw"]
[Black "Sieciechowicz, Marcin"]
[Result "1/2-1/2"]
[WhiteElo "2269"]
[BlackElo "2441"]
[PlyCount "115"]
[EventDate "2011.12.27"]
[EventType "swiss"]
[EventRounds "9"]
[EventCountry "POL"]
[SourceTitle "CBM 146 Extra"]
[Source "ChessBase"]
[SourceDate "2012.02.29"]
[SourceVersion "1"]
[SourceVersionDate "2012.02.29"]
[SourceQuality "1"]

1. d4 d5 2. c4 c6 3. Nc3 Nf6 4. Nf3 e6 5. Bg5 h6 6. Bxf6 Qxf6 7. e3 g6 8. Be2 Bg7 9. 0-0 0-0 10. b4 dxc4 11. Bxc4 Nd7 12. Rc1 e5 13. d5 Nb6 14. Ne4 Qd8 15. dxc6 bxc6 16. Bb3 Bf5 17. Nd6 Bd7 18. Qd3 Qf6 19. Nd2 Rad8 20. N2e4 Qe7 21. Nb7 Rb8 22. Nbc5 Bf5 23. Qd6 Qh4 24. Ng3 Qxb4 25. e4 Rbd8 26. Qc7 Bc8 27. Bxf7+ Kh7 28. Bxg6+ Kxg6 29. Nf5 Bf6 30. h4 Bxf5 31. exf5+ Kh5 32. Qh7 Qg4 33. Rc3 Qg8 34. g4+ Qxg4+ 35. Rg3 Rd4 36. Ne6 Rd7 37. Rxg4 Rxh7 38. Nxf8 Rh8 39. Ng6 Kxg4 40. Nxh8 Bxh8 41. Rc1 Kxf5 42. Rxc6 Bf6 43. Kg2 h5 44. Kg3 Nd5 45. Ra6 e4 46. Rxa7 Be5+ 47. Kg2 Nf4+ 48. Kg3 Nd3+ 49. Kg2 Kg4 50. Re7 Nf4+ 51. Kf1 Ng6 52. Rb7 Nxh4 53. a4 Nf5 54. a5 Bd4 55. a6 e3 56. fxe3 Bxe3 57. Ke2 Bc5 58. a7 1/2-1/2

[Event "Krakow op-A 22nd"]
[Site "Krakow"]
[Date "2011.12.31"]
[Round "5"]
[White "Swiech, Przemyslaw"]
[Black "Jedynak, Radoslaw"]
[Result "0-1"]
[WhiteElo "2269"]
[BlackElo "2494"]
[PlyCount "58"]
[EventDate "2011.12.27"]
[EventType "swiss"]
[EventRounds "9"]
[EventCountry "POL"]
[SourceTitle "CBM 146 Extra"]
[Source "ChessBase"]
[SourceDate "2012.02.29"]
[SourceVersion "1"]
[SourceVersionDate "2012.02.29"]
[SourceQuality "1"]

1. d4 Nf6 2. c4 e6 3. Nc3 Bb4 4. e3 b6 5. Bd3 Bb7 6. Nf3 Ne4 7. Qc2 Nxc3 8. bxc3 Be7 9. e4 d6 10. Be3 Nd7 11. Rd1 0-0 12. e5 g6 13. Bf4 dxe5 14. dxe5 Bxf3 15. gxf3 Qc8 16. Be4 c6 17. Qe2 Nc5 18. Bb1 Rd8 19. Rd4 Na4 20. Bd2 b5 21. Rxd8+ Qxd8 22. Be4 Rc8 23. cxb5 cxb5 24. Qxb5 Nxc3 25. Bxc3 Rxc3 26. 0-0 Bc5 27. Qa4 Qg5+ 28. Kh1 Qxe5 29. Rd1 Bd6 0-1

[Event "Krakow op-A 22nd"]
[Site "Krakow"]
[Date "2011.12.28"]
[Round "2"]
[White "Swiech, Przemyslaw"]
[Black "Cyborowski, Lukasz"]
[Result "0-1"]
[WhiteElo "2269"]
[BlackElo "2548"]
[PlyCount "104"]
[EventDate "2011.12.27"]
[EventType "swiss"]
[EventRounds "9"]
[EventCountry "POL"]
[SourceTitle "CBM 146 Extra"]
[Source "ChessBase"]
[SourceDate "2012.02.29"]
[SourceVersion "1"]
[SourceVersionDate "2012.02.29"]
[SourceQuality "1"]

1. d4 Nf6 2. c4 g6 3. Nc3 d5 4. cxd5 Nxd5 5. e4 Nxc3 6. bxc3 Bg7 7. Nf3 c5 8. Rb1 0-0 9. Be2 Nc6 10. d5 Ne5 11. Qc2 f5 12. Nxe5 Bxe5 13. f4 Bg7 14. e5 Qxd5 15. Bf3 Qd7 16. Qb3+ Kh8 17. h4 h5 18. Be3 Rb8 19. Bxc5 b6 20. 0-0 Qc7 21. Ba3 Ba6 22. Rfd1 Bc4 23. Qb4 Rfe8 24. Bd5 Bxd5 25. Rxd5 e6 26. Rd6 Bf8 27. Qa4 Qxc3 28. Rb3 Qe1+ 29. Kh2 Qxh4+ 30. Rh3 Qf2 31. Rf3 b5 32. Qb3 Qh4+ 33. Kg1 b4 34. Bb2 Qe7 35. Rfd3 Rb7 36. Rg3 Kh7 37. Qd1 Qf7 38. Qd4 Rc8 39. Rd3 a5 40. Kh2 a4 41. a3 bxa3 42. Rxa3 Bxd6 43. exd6 Qg7 44. Qxg7+ Rxg7 45. Bxg7 Kxg7 46. Rxa4 Rd8 47. Ra6 Kf6 48. Kg3 g5 49. fxg5+ Kxg5 50. Kf3 Kf6 51. Ke3 Ke5 52. Kf3 Kf6 0-1

[Event "Krakow op-A 22nd"]
[Site "Krakow"]
[Date "2011.12.27"]
[Round "1"]
[White "Swiech, Przemyslaw"]
[Black "Slabek, Grzegorz"]
[Result "1-0"]
[WhiteElo "2269"]
[BlackElo "2051"]
[PlyCount "87"]
[EventDate "2011.12.27"]
[EventType "swiss"]
[EventRounds "9"]
[EventCountry "POL"]
[SourceTitle "CBM 146 Extra"]
[Source "ChessBase"]
[SourceDate "2012.02.29"]
[SourceVersion "1"]
[SourceVersionDate "2012.02.29"]
[SourceQuality "1"]

1. d4 g6 2. c4 Nf6 3. Nc3 d5 4. cxd5 Nxd5 5. e4 Nxc3 6. bxc3 Bg7 7. Nf3 0-0 8. h3 c5 9. Be2 Nc6 10. Be3 Qa5 11. 0-0 Qxc3 12. Rc1 Qa3 13. d5 Nd4 14. Nxd4 cxd4 15. Bxd4 Bxd4 16. Qxd4 Qxa2 17. Bf3 Qa6 18. Rc7 Qd6 19. Rfc1 e5 20. Qb2 a5 21. Bd1 a4 22. Bxa4 Rxa4 23. Rxc8 Rxe4 24. Qxb7 Rd4 25. R1c6 Qxd5 26. Qe7 Rd8 27. R6c7 Rxc8 28. Rxc8+ Kg7 29. Qf8+ Kf6 30. Qh8+ Kg5 31. Qxh7 Rf4 32. Rc3 Qd1+ 33. Kh2 Qd8 34. Qg7 Qe7 35. Re3 e4 36. Kg1 Qc7 37. Rg3+ Kf5 38. Qd4 Ke6 39. Rb3 Qc1+ 40. Kh2 Qc7 41. Rb6+ Ke7 42. Qb4+ Kd8 43. Rb8+ Kd7 44. Rb7 1-0